000 00554cam a22002171 4500
001 sa 66000013
003 DLC
005 20260227112211.0
008 900112q19601969io 000 0 ind
010 _asa 66000013
025 _aPL480:Indo-2046
035 _a(OCoLC)20893003
040 _aDLC
_cOCoLC
_dDLC
042 _apremarc
050 0 0 _aPL5089.O3
_bW3
100 1 _aOey, Tiong Ho.
245 1 0 _aWanita djantan dari Tha Seng Tjhung.
260 _aTasikmalaja,
_bSwandjaja
_c[196-?]
300 _a58 p.
_c15 cm.
490 0 _aKiam Hiap,
_vno. 1
999 _c66979
_d66979